Statistics for Top 10 textile producing countries

Click here to take the quiz!

General Stats

  • This quiz has been taken 58 times
  • The average score is 8 of 10

Answer Stats

OutputCountry% Correct
52.2%China
100%
6.9%India
98%
5.3%United States
93%
2.4%Indonesia
84%
3.6%Pakistan
84%
1.1%Thailand
80%
0.9%Mexico
78%
2.4%Brazil
76%
1.9%Turkey
67%
1.8%South Korea
47%

Score Distribution

Percentile by Number Answered

Percent of People with Each Score

Your Score History

You have not taken this quiz